| 000 | 00348nam a22001457a 4500 | ||
|---|---|---|---|
| 008 | 210310b ||||| |||| 00| 0 eng d | ||
| 020 | _a9780323020275 | ||
| 041 | _aeng | ||
| 080 |
_22nd _a615.83 |
||
| 082 | _a615.83 | ||
| 100 | _a8 | ||
| 101 | _aEGZ | ||
| 245 |
_aEssential Sciences for Therapeutic Massage _cGrosenbach, M.J |
||
| 942 |
_2udc _cBK |
||
| 999 |
_c56116 _d56116 |
||